000 00583cam a2200205ua 4500
001 11765
005 20260515114809.0
008 191104n ii |||gr||||Z||||||eng
020 _a9788120727755
040 _cMAIN
082 _a327.112
100 _a Rumki Basu . ,
_eAuthor.,
245 _aThe United Nations :
_bstructure and functions of an international organisation /
_cBy Rumki Basu .
250 _a1st ed.
260 _aNew Delhi:
_bSterling publishers,
_c2018.
300 _a494p.
653 _aInternational relations
653 _aThe United Nations
942 _cBK
999 _c10550
_d10550